| 000 | 01704nam a22003257a 4500 | ||
|---|---|---|---|
| 003 | DO-SdBPM | ||
| 005 | 20250319104053.0 | ||
| 008 | 210426b 2021 dr 00| 0 spa d | ||
| 020 | _a9789945178579 | ||
| 040 |
_aDO-SdBPM _bspa _cBPMSU |
||
| 082 | 4 |
_aRD863.5 _bF953a 2021 _222 |
|
| 092 | _a | ||
| 100 | 1 |
_a Fuei Liao, Yuan, _d |
|
| 245 | 1 | 0 |
_aAlguien tan pequeño / _cYuan-Fei Liao ; ilustración: Wi-Hen Fung ; investigación: Laura V. Sánchez-Vincitore ; coordinación pedagógica: Cledenin Veras |
| 260 |
_aSanto Domingo: _bAgencia de los Estados Unidos para el Desarrollo Internacional (USAID) ; _bUniversidad Iberoamericana (UNIBE), _c2021 |
||
| 300 |
_a39 p. : _bils. ; _c21 cm. |
||
| 490 | 0 |
_aLa liga de la esperanza, _v13 |
|
| 500 |
_aTipologías textuales: cómic; diálogo; descripción _3 |
||
| 505 | 0 | _a Tipologías textuales -- Narración literaria -- Mensajes de textos | |
| 520 | _aUn virus llega a Villa Esperanza. Varias personas se enferman, entre ellas doña Yoli, abuela de la profesora Cándida y antigua directora de la Escuela Mamá Tingó. Algunos habitantes son indiferentes a la situación y otros se asustan. Los miembros de la Liga de la Esperanza junto con otros vecinos presentan una obra de teatro para educar sobre el virus, sus síntomas y la manera de combatirlo. | ||
| 590 | _aInventariado, 2023/VM | ||
| 650 | 4 | _aCuentos juveniles dominicanos | |
| 650 | 4 |
_aVirus _vCuentos Juveniles |
|
| 650 | 4 | _aLiteratura juvenil dominicana | |
| 700 | 1 |
_3Wi, Hen Fung _eilustraciones |
|
| 700 | 1 |
_aSánchez-Vincitore, Laura V. _einvestigadora |
|
| 700 | 1 |
_aVeras, Cledenin _einvestigador pedagógico |
|
| 910 | _aVMateo V. Control de calidad. BPMSU | ||
| 942 |
_2ddc _cBK |
||
| 999 |
_c14514 _d14514 |
||